[Event "RUS-ch 60th zt"]
[Site "Rostov on Don"]
[Date "2007.03.??"]
[Round "4"]
[White "Panov, Anatoly"]
[Black "Rud, Viktor"]
[Result "1-0"]
[WhiteElo "2174"]
[BlackElo "2078"]
[PlyCount "51"]
[EventDate "2007.03.16"]
[EventType "swiss"]
[EventRounds "9"]
[EventCountry "RUS"]
[SourceTitle "EXT 2022"]
[Source "ChessBase"]
[SourceDate "2021.10.06"]
[SourceVersion "1"]
[SourceVersionDate "2021.10.06"]
[SourceQuality "1"]

1. e4 c5 2. Nc3 Nc6 3. g3 e5 4. Bg2 d6 5. d3 Be6 6. Be3 Nge7 7. Nd5 Bxd5 8. exd5 Nb8 9. f4 f6 10. Ne2 Nd7 11. 0-0 Qc7 12. Qd2 0-0-0 13. b4 Kb8 14. Rab1 Ka8 15. bxc5 Nxc5 16. Rb5 Na6 17. Rfb1 Rb8 18. d4 exf4 19. Nxf4 Nc8 20. Ne6 Qe7 21. Qa5 Nb6 22. c4 Rc8 23. Bf1 g5 24. Rxb6 axb6 25. Rxb6 Kb8 26. Qxa6 1-0